000 00331nam a2200145Ia 4500
008 210210b1934 xxu||||| |||| 00| 0 eng d
041 _aeng
082 _a825/54
100 _aBAILEY (Ruth)
245 _aShelley
260 _aLondon
_bNot Mentioned
_c1934
650 _aShelley
690 _aEnglish Criticism
906 _a014372
999 _c133536
_d133536